| 000 | 00763nam a22002417a 4500 | ||
|---|---|---|---|
| 003 | OSt | ||
| 005 | 20140310181918.0 | ||
| 008 | 130717t xxu||||| |||| 00| 0 eng d | ||
| 020 | _a9780913589694 | ||
| 050 |
_aMT 948 _b.H28 1993 |
||
| 082 |
_aTR 780 _bH252 1993 |
||
| 100 |
_aHart, Avery _91219 |
||
| 245 |
_aKids make music ! : _bclapping and tapping from Bach to rock / _cAvery Hart and Paul Mantell. |
||
| 260 |
_aCharlotte,Vermont : _bWilliamson Publishing Co, _c1993. |
||
| 300 |
_a156 p., : _c28 cm. |
||
| 500 | _aIncludes index. | ||
| 521 | _aFaculty | ||
| 541 | _j1 | ||
| 562 | _e1 | ||
| 650 |
_a Games with music _xMusico _xcallisthenics _91220 |
||
| 650 |
_a.Music-Games with music _xMantell, Paul _91221 |
||
| 942 |
_2lcc _cBK-TR _kTR |
||
| 999 |
_c6840 _d6840 |
||